[Event "Mechanics' Bedjanian TNM; G/2 d/5"]
[Site "San Francisco"]
[Date "2018.11.13"]
[Round "4.42"]
[White "Abdi, Mehron Edward"]
[Black "Chan, John"]
[Result "0-1"]
[WhiteElo "1142"]
[BlackElo "1546"]
[PlyCount "106"]
[EventDate "2018.??.??"]
[Source "ChessBase"]
[SourceDate "2007.09.04"]

1. e4 e6 2. Bc4 c6 3. Nf3 b5 4. Bb3 a5 5. d3 ({Both scoresheets say} 5. c3 {
Well, one says "Pc3"...}) 5... h6 6. O-O Bb7 7. a4 b4 8. c3 {Both scoresheets}
Na6 9. Re1 d6 10. d4 Ne7 11. d5 cxd5 12. exd5 e5 13. Bc4 Bc8 14. Qe2 Nc5 15.
Bd2 Qb6 16. Rc1 Ng6 17. Qe1 b3 18. Qe2 Be7 19. Na3 O-O 20. Be3 Kh8 21. Nb5 f5
22. Bxb3 f4 23. Bxc5 Qxc5 24. Bc4 Qb6 25. b4 Bf6 26. Qc2 Ne7 27. bxa5 Rxa5 28.
Na3 Qc7 29. Bb5 Nxd5 30. Nc4 Ra7 31. a5 Ne7 32. Rd1 d5 33. Nb6 Bf5 34. Qb3 Rxa5
35. Ba4 Rb8 36. Qa3 Bc2 37. Rd2 Bxa4 38. Nxa4 Qc4 39. Rda2 Qc7 40. Qc1 Rba8 41.
Qd1 Nf5 42. g4 fxg3 43. hxg3 Nd6 44. Ne1 e4 45. Nc2 Nc4 46. Nb4 Qb7 47. Rd2
Nxd2 48. Rc1 Nf3+ 49. Kg2 Rd8 50. c4 Qxb4 51. cxd5 Raxd5 52. Qxd5 Rxd5 53. Rc8+
Kh7 0-1

[Event "Mechanics' Bedjanian TNM; G/2 d/5"]
[Site "San Francisco"]
[Date "2018.12.11"]
[Round "8.40"]
[White "Abdi, Mehron Edward"]
[Black "Starr, Albert"]
[Result "0-1"]
[WhiteElo "1142"]
[BlackElo "1500"]
[PlyCount "88"]
[EventDate "2018.??.??"]
[Source "ChessBase"]
[SourceDate "2007.09.04"]

1. e4 e6 2. Bc4 d5 3. exd5 exd5 4. Bb3 Nf6 5. Nf3 Be7 6. O-O O-O 7. d4 h6 8. c4
Be6 9. cxd5 Bxd5 10. Nc3 Bxb3 11. Qxb3 b6 12. Bf4 Nc6 13. Rad1 Na5 14. Qa4 Bd6
15. Be5 Ne8 16. b4 Nc4 17. Qb3 Bxb4 18. Qxb4 Na5 19. d5 Nb7 20. Ne4 a5 21. Qa3
b5 22. Rd4 Qd7 23. h3 Rc8 24. Rc1 b4 25. Qd3 Qa4 26. Qa6 Rb8 27. Rxb4 Qxb4 28.
Nc3 Nc5 29. Rb1 Nxa6 30. Rxb4 Nxb4 31. a3 Nd3 32. Na4 Nxe5 33. Nxe5 Nf6 34. Nc3
Rb3 35. Ne2 Nxd5 36. f3 Rxa3 37. g4 Re8 38. f4 Nxf4 39. Nxf4 Rxe5 40. Kh2 Ra2+
41. Ng2 Ree2 42. Kg3 Rxg2+ 43. Kh4 g6 44. g5 Ra4# 0-1

[Event "Mechanics' Bedjanian TNM; G/2 d/5"]
[Site "San Francisco"]
[Date "2018.11.27"]
[Round "6.43"]
[White "Abdi, Mehron Edward"]
[Black "Sullivan, George"]
[Result "1-0"]
[WhiteElo "1142"]
[BlackElo "988"]
[PlyCount "75"]
[EventDate "2018.??.??"]
[Source "ChessBase"]
[SourceDate "2007.09.04"]

1. e4 c5 2. Bc4 Nc6 3. Nf3 e6 4. O-O a6 5. Nc3 Be7 6. d3 b5 7. Bb3 d6 8. a4 Bb7
9. d4 cxd4 10. Nxd4 Qc8 11. Re1 Nf6 12. f4 O-O 13. e5 dxe5 14. fxe5 Nxd4 15.
exf6 Bxf6 16. Ra3 Nxb3 17. Rxb3 Bxc3 18. Rxc3 Qe8 19. Rc7 Bc6 20. Qg4 h6 21. a5
Bd5 22. Rc5 Qe7 23. Rxd5 Qa7+ 24. Be3 exd5 25. Bxa7 Rxa7 26. Qf5 Rd8 27. g4 f6
28. Qe6+ Kh7 29. Qb6 Raa8 30. Re4 dxe4 31. c3 Rd1+ 32. Kf2 Rad8 33. Qxa6 R8d3
34. Qxb5 Rf3+ 35. Kg2 Rd2+ 36. Kg1 e3 37. Qe8 Rg3+ 38. hxg3 {
(Black lost on time)} 1-0

[Event "Mechanics' Winter TNM; G/2 d5"]
[Site "San Francisco"]
[Date "2018.01.23"]
[Round "3.27"]
[White "Abraham, Michael"]
[Black "Morgan, Jerry D"]
[Result "0-1"]
[WhiteElo "1678"]
[BlackElo "1449"]
[PlyCount "42"]
[EventDate "2018.??.??"]
[Source "ChessBase"]
[SourceDate "2007.09.04"]

1. d4 d5 2. c4 c6 3. Nf3 Nf6 4. Nc3 dxc4 5. a4 Bf5 6. e3 e6 7. Bxc4 Bb4 8. Bd2
O-O 9. O-O Nbd7 10. Re1 Bg6 11. Ne2 Bd6 12. Nf4 Bxf4 13. exf4 Nb6 14. Ba2 Bh5
15. Qb3 Bxf3 16. Qxf3 Qxd4 17. Bc3 Qd8 18. Rad1 Nbd5 19. Bb1 Qe7 20. Be5 Qb4
21. Rd4 $4 Qxe1# 0-1

[Event "Mechanics' Winter TNM; G/2 d5"]
[Site "San Francisco"]
[Date "2018.01.09"]
[Round "1.39"]
[White "Abraham, Michael D"]
[Black "Cowgill, Jackie"]
[Result "1-0"]
[WhiteElo "1678"]
[BlackElo "927"]
[PlyCount "31"]
[EventDate "2018.??.??"]
[Source "ChessBase"]
[SourceDate "2007.09.04"]

1. d4 d5 2. c4 c6 3. Nc3 dxc4 4. e4 Nf6 5. e5 Nd5 6. Bxc4 e6 7. Nf3 Be7 8. h4
O-O 9. h5 h6 10. Nxd5 exd5 11. Bd3 Be6 12. Bc2 f6 13. exf6 Bxf6 14. Qd3 Kf7 15.
Bd2 Qe7 16. Qg6+ 1-0

[Event "Mechanics' Winter TNM; G/2 d5"]
[Site "San Francisco"]
[Date "2018.02.13"]
[Round "6.45"]
[White "Abraham, Michael D"]
[Black "Yan, David"]
[Result "0-1"]
[WhiteElo "1678"]
[BlackElo "1548"]
[PlyCount "120"]
[EventDate "2018.??.??"]
[Source "ChessBase"]
[SourceDate "2007.09.04"]

1. d4 Nf6 2. c4 e6 3. Nf3 b6 4. Nc3 Bb4 5. a3 Bxc3+ 6. bxc3 Bb7 7. Bg5 h6 8.
Bh4 d6 9. e3 Nbd7 10. Bd3 g5 11. Bg3 Ne4 12. O-O f5 13. Nd2 Ndf6 14. Nxe4 Nxe4
15. Qh5+ Kd7 16. d5 Qe7 17. dxe6+ Qxe6 18. Qe2 Nxc3 19. Qc2 Ne4 20. f3 Nxg3 21.
hxg3 Qxe3+ 22. Kh2 f4 23. Bf5+ Kd8 24. g4 h5 25. Qb2 Qe5 26. Qxe5 dxe5 27.
Rad1+ Ke7 28. Rd7+ Kf6 29. Kg1 hxg4 30. Bxg4 Bc8 31. Rxc7 Bxg4 32. fxg4 Rhc8
33. Rh7 Kg6 34. Re7 Kf6 35. Rh7 Rxc4 36. Rd1 Rd4 37. Rc1 Ke6 38. Rc6+ Kd5 39.
Rhh6 Rd8 40. Rc7 e4 41. Rg6 e3 42. Rxg5+ Ke4 43. Re7+ Kd3 44. Rf5 Re4 45. Rfe5
Rxe5 46. Rxe5 Rg8 47. g5 Kd2 48. Rd5+ Ke2 49. Rf5 Ke1 50. Rd5 a6 51. a4 Rg6 52.
Rf5 e2 53. Re5 Kd2 54. Kf2 Kd3 55. Rxe2 Rxg5 56. Kf3 Rg3+ 57. Kxf4 Kxe2 58.
Kxg3 b5 59. axb5 axb5 60. Kf4 b4 0-1

[Event "Mechanics' Shipman TNM; G/2 d/5"]
[Site "San Francisco"]
[Date "2018.08.14"]
[Round "2.31"]
[White "Acosta, Anthony"]
[Black "Agdamag, Samuel Za"]
[Result "0-1"]
[WhiteElo "1837"]
[BlackElo "1594"]
[PlyCount "56"]
[EventDate "2018.??.??"]
[Source "ChessBase"]
[SourceDate "2007.09.04"]

1. e4 e6 2. b3 d5 3. e5 $6 (3. Bb2) 3... c5 4. Bb2 Nc6 5. f4 Qh4+ 6. g3 Qd8 7.
Bg2 Nh6 8. Nf3 Qb6 9. Nc3 Bd7 10. Qe2 Nf5 11. Na4 Qa6 12. Qxa6 bxa6 13. Ba3 Nb4
14. Bxb4 cxb4 15. Nb2 Bc5 16. O-O-O Rc8 17. Kb1 O-O 18. g4 Nd4 19. Nxd4 Bxd4
20. Nd3 a5 21. Rhf1 Bb5 22. Rf3 Rc7 23. Bf1 Bd7 24. h3 Rfc8 25. Ne1 a4 26. Bd3
axb3 27. axb3 a5 28. Ba6 Ra8 {
Black is much better and went on win. The remaining moves are unavailable.} 0-1

[Event "Mechanics' Bedjanian TNM; G/2 d/5"]
[Site "San Francisco"]
[Date "2018.12.18"]
[Round "9.30"]
[White "Adams, Sophie"]
[Black "Agdamag, Samuel"]
[Result "0-1"]
[WhiteElo "1403"]
[BlackElo "1584"]
[PlyCount "82"]
[EventDate "2018.??.??"]
[Source "ChessBase"]
[SourceDate "2007.09.04"]

1. e4 d5 2. exd5 Qxd5 3. Nc3 Qa5 4. d4 c6 5. Nf3 Bg4 6. Be2 Nf6 7. O-O e6 8. h3
Bf5 9. Nh4 Bg6 10. Bf3 Bd6 11. Nxg6 hxg6 12. Be3 Nbd7 13. Ne4 Nxe4 14. Bxe4 Nf6
15. Bf3 Qc7 16. c4 Bh2+ 17. Kh1 Bf4 18. Re1 O-O-O 19. Qe2 Bxe3 20. Qxe3 Qb6 21.
b3 Qxd4 22. Qe2 Qc3 23. Rad1 g5 24. Rxd8+ Rxd8 25. Rd1 Rxd1+ 26. Qxd1 Qb2 27.
Qd6 Qc1+ 28. Kh2 Qf4+ 29. Qxf4 gxf4 30. g3 fxg3+ 31. Kxg3 Kd7 32. Kf4 Kd6 33.
h4 a5 34. a3 Kc5 35. Ke5 Nd7+ 36. Ke4 a4 37. bxa4 Kxc4 38. Be2+ Kb3 39. a5 Kxa3
40. a6 bxa6 41. Bxa6 Nc5+ 0-1

[Event "Mechanics' Shipman TNM; G/2 d/5"]
[Site "San Francisco"]
[Date "2018.08.21"]
[Round "3.11"]
[White "Adams, Sophie"]
[Black "Boldi, Nicholas Ar"]
[Result "0-1"]
[WhiteElo "1379"]
[BlackElo "1544"]
[Annotator "Winslow,Elliott"]
[PlyCount "42"]
[EventDate "2018.??.??"]
[Source "ChessBase"]
[SourceDate "2007.09.04"]

1. e4 e6 2. d4 d5 3. exd5 exd5 4. Nf3 c5 5. c3 Nc6 6. Be2 Nf6 7. O-O Qb6 $6 (
7... Bd6 8. dxc5 Bxc5 9. Bg5 Be6 {/\...h6}) (7... cxd4 8. cxd4 Bd6) 8. Qc2 $6 (
8. h3) (8. Na3) 8... cxd4 9. cxd4 {[#]} Nxd4 $2 (9... Bd6) 10. Nxd4 Qxd4 11.
Bb5+ $18 Bd7 (11... Kd8 {I used to think maybe I could get away with these
pawns, with my king stuck in the center. It was in a line in the Center
Counter that finally had me coming to my senses, courtesy of Nick de Firmian.
He just rejected it out of hand, and the calculations eventually caught up to
his evaluation.} 12. Nc3 Be6 13. Rd1 Qe5 14. g3 Rc8 15. Bf4 Qh5 16. Be2 Qf5 (
16... Qg6 17. Qb3) (16... Qh3 17. Bf3 Ng4 18. Bxd5 $1 Qxh2+ 19. Kf1) 17. Qxf5
Bxf5 18. Nxd5 $18 {
Queens off: no respite this time. (Usually a key defensive idea)}) 12. Re1+ Be7
(12... Ne4 13. Be3 Qe5 14. Bxd7+ Kxd7 15. Qa4+ Kd8 16. Bd4 Qd6 17. Nc3 Qc6 18.
Qb3 {(no queens off in this line!)}) 13. Bxd7+ (13. Nc3 Rd8 $1 14. Be3 Qb4 {
Black is holding on but White keeps a clear advantage}) 13... Nxd7 14. Bg5 (14.
Nc3 {provokes the unsavory} Kf8) 14... f6 {[#]} 15. Be3 $2 (15. Nc3 $1 fxg5 16.
Nb5 Qc5 (16... Qf6 17. Nc7+ Kd8 18. Nxa8 (18. Rac1 $5)) 17. Nc7+ Kf7 18. Qf5+
Nf6 19. Qe6+ Kg6 20. Nxa8 Rxa8 21. Qxe7) 15... Qb4 $2 (15... Qc4 $14 16. Nc3
O-O {whew!}) 16. Bd2 $2 (16. Nc3 Qc4 17. Bf4 $1 d4 18. Qe4 O-O 19. Nd5 Bc5 20.
Rac1 Qxa2 21. Qe6+ Kh8 22. Qxd7 Rad8 23. Qb5) 16... Qb6 $2 (16... Qc5 $1 $11
17. Qa4 Qc6 $1 18. Qg4 Kf7 (18... Kf8 $1) 19. Rxe7+ Kxe7 20. Qxg7+ Ke6 21. Nc3
(21. Qg4+ f5 22. Qf4 $11 Qd6 $2 23. Qh6+ Nf6 24. Nc3) 21... Rag8 22. Qh6 Ne5 (
22... Rxg2+ 23. Kxg2 d4+ 24. f3 Rg8+ 25. Kf2 dxc3 26. Qh3+ $11)) 17. a3 $6 (17.
Nc3 Qc6 18. Rac1 (18. Qb3)) 17... Ne5 18. Qa4+ (18. Nc3) 18... Kf7 $15 19. Bc3
$6 (19. Be3 Bc5 20. Bxc5 Qxc5 21. Qb3 Rhe8) 19... Nd3 (19... Rhd8) 20. Re2 $2 (
20. Re3) 20... Nc5 $2 (20... Rhe8 $1 $19 21. Ba5 Qc6 22. Nc3 Qxa4 23. Nxa4 Nf4
24. Rd2 d4 $19) 21. Nd2 $4 (21. Qh4 $11) (21. Qg4 $5 {Slightly more than =})
21... Nxa4 0-1

[Event "Mechanics' Bedjanian TNM; G/2 d/5"]
[Site "San Francisco"]
[Date "2018.12.04"]
[Round "7.28"]
[White "Adams, Sophie"]
[Black "Casares Jr, Nick"]
[Result "1-0"]
[WhiteElo "1403"]
[BlackElo "1600"]
[PlyCount "31"]
[EventDate "2018.??.??"]
[Source "ChessBase"]
[SourceDate "2007.09.04"]

1. e4 e5 2. Nf3 Nc6 3. Bc4 Nf6 4. d3 d5 5. exd5 Nxd5 6. O-O Be7 7. Re1 Qd6 8.
Nbd2 f5 9. Nf1 f4 10. d4 Bg4 11. dxe5 Nxe5 12. Bxd5 Nxf3+ 13. Bxf3 Bxf3 14.
Qxf3 O-O 15. Qxb7 c6 16. Qxe7 1-0

[Event "Mechanics' Bedjanian TNM; G/2 d/5"]
[Site "San Francisco"]
[Date "2018.10.23"]
[Round "1.20"]
[White "Adams, Sophie"]
[Black "Maser, Thomas"]
[Result "0-1"]
[WhiteElo "1403"]
[BlackElo "1900"]
[PlyCount "110"]
[EventDate "2018.??.??"]
[Source "ChessBase"]
[SourceDate "2007.09.04"]

1. e4 e5 2. Nf3 Nc6 3. Bc4 Nf6 4. d3 Be7 5. O-O d6 6. c3 O-O 7. a4 a5 8. Nbd2
Be6 9. Bb3 Qd7 10. Re1 Nh5 11. Bxe6 Qxe6 12. d4 exd4 13. cxd4 Qg6 14. Nf1 Bf6
15. Ra3 Rfe8 16. Rae3 Nf4 17. Ng3 Nb4 18. Rc3 Ne6 19. e5 Be7 20. Be3 Nd5 21.
Rb3 b6 22. Rd3 h5 23. h3 f5 24. exd6 cxd6 25. Bc1 Kh8 26. Nxh5 f4 27. Qb3 Nb4
28. Rdd1 Bg5 29. Nxg5 Qxg5 30. Rxe6 Qxh5 31. Rde1 Rxe6 32. Rxe6 Qf5 33. Rxd6
Qb1 34. Qc4 Re8 35. Kh2 Nd3 36. Bd2 Nxf2 37. Qc1 Qxc1 38. Bxc1 Re1 $2 (38... g5
) 39. Bxf4 $2 (39. Rd8+ Kh7 40. Bxf4 $18) 39... Rh1+ 40. Kg3 Ne4+ 41. Kf3 Nxd6
42. Bxd6 Rc1 43. Be5 Rc4 44. b3 Rc3+ 45. Ke4 Kg8 46. Kd5 Kf7 47. Kd6 g6 48. d5
Rxb3 49. Kc7 Rd3 50. d6 Ke6 51. Bh2 Rd4 52. Kxb6 Rxa4 53. Kb5 Ra2 54. d7 Kxd7
55. Be5 Rxg2 0-1

[Event "Mechanics' Shipman TNM; G/2 d/5"]
[Site "San Francisco"]
[Date "2018.09.11"]
[Round "6.42"]
[White "Adams, Sophie"]
[Black "Robertson, Terrance"]
[Result "1/2-1/2"]
[WhiteElo "1379"]
[BlackElo "1450"]
[PlyCount "104"]
[EventDate "2018.??.??"]
[Source "ChessBase"]
[SourceDate "2007.09.04"]

1. e4 e5 2. Nf3 Nf6 3. Nxe5 d6 4. Nf3 Nxe4 5. d4 d5 6. Be2 (6. Bd3) 6... Nc6 7.
c3 Be7 8. O-O O-O 9. Be3 Re8 10. Nbd2 Bf5 11. Rc1 Nxd2 12. Qxd2 Bf6 13. h3 Ne7
14. Bd3 Bxd3 15. Qxd3 c6 16. Rfe1 Nc8 17. Ng5 g6 18. Nf3 Nd6 19. Re2 Ne4 20.
Nd2 Qd7 21. Nxe4 Rxe4 22. Rce1 Rae8 23. Bf4 Rxe2 24. Rxe2 Rxe2 25. Qxe2 Qe7 26.
Qxe7 Bxe7 27. f3 f5 28. a4 Kf7 29. Kf2 Ke6 30. Ke2 g5 31. Bc7 h5 32. Bg3 Bd6
33. Be1 b6 34. Bd2 g4 35. hxg4 fxg4 36. fxg4 hxg4 37. Be1 Kf5 38. Bf2 Ke4 39.
b3 a6 40. Be1 c5 41. dxc5 bxc5 42. Bd2 Bf4 43. Be1 d4 44. cxd4 Kxd4 45. Bf2+
Kc3 46. Bxc5 Kxb3 47. a5 Kc4 48. Bb6 Kd5 49. Kd3 Bg5 50. Bc7 Kc6 51. Bb6 Kd5
52. Bc7 Bh6 1/2-1/2

[Event "Mechanics' Vartan Bedjanian TNM; G/2 d/"]
[Site "San Francisco"]
[Date "2018.11.07"]
[Round "3.43"]
[White "Adams, Sophie"]
[Black "Tabatabai, Ashkon"]
[Result "1-0"]
[WhiteElo "1403"]
[BlackElo "1115"]
[PlyCount "57"]
[EventDate "2018.??.??"]
[Source "ChessBase"]
[SourceDate "2007.09.04"]

1. e4 e5 2. Nf3 Nc6 3. Bc4 Bc5 4. c3 Nf6 5. d3 O-O 6. O-O d6 7. a4 Bg4 8. Nbd2
Qe7 9. h3 Bh5 10. Re1 h6 11. Nf1 Nh7 12. Ng3 g6 13. Bxh6 Rfe8 14. Nxh5 gxh5 15.
Be3 Bxe3 16. Rxe3 Rad8 17. Qe2 a6 18. Nh2 b5 19. axb5 axb5 20. Bxb5 Qd7 21.
Qxh5 d5 22. Qg4+ Qxg4 23. Nxg4 Re6 24. exd5 Rxd5 25. Bc4 Rc5 26. Bxe6 fxe6 27.
Rae1 Rd5 28. Rg3 Ng5 29. Nf6+ 1-0

[Event "Mechanics' Shipman TNM; G/2 d/5"]
[Site "San Francisco"]
[Date "2018.08.07"]
[Round "1.22"]
[White "Adams, Sophie"]
[Black "Thet, Lyn Aung"]
[Result "1-0"]
[WhiteElo "1379"]
[BlackElo "1785"]
[PlyCount "47"]
[EventDate "2018.??.??"]
[Source "ChessBase"]
[SourceDate "2007.09.04"]

1. e4 c5 2. Nf3 Nc6 3. c3 Nf6 4. Bd3 d6 5. O-O g6 6. Re1 Bg7 7. Bc2 Qc7 8. d4
Bg4 9. Be3 Rd8 10. Nbd2 b6 11. h3 Bc8 12. Nf1 O-O 13. Ng3 cxd4 14. cxd4 Nd7 15.
Qe2 Bb7 16. Rac1 Qb8 17. Ba4 Rc8 18. d5 Nce5 19. Nxe5 Nxe5 20. f4 Nd3 21. Qxd3
Bxb2 22. Rxc8 Rxc8 23. Bd4 Ba3 24. Qxa3 1-0

[Event "Mechanics' Spring TNM; G/2 d5"]
[Site "San Francisco"]
[Date "2018.05.08"]
[Round "8.28"]
[White "Admassu, Yonathan"]
[Black "Chalissery, Jossy"]
[Result "1-0"]
[WhiteElo "1378"]
[BlackElo "1680"]
[PlyCount "53"]
[EventDate "2018.??.??"]
[Source "ChessBase"]
[SourceDate "2007.09.04"]

1. d4 b6 2. e4 Bb7 3. Bd3 e6 4. Nf3 Nf6 5. e5 Nd5 6. c4 Bb4+ 7. Bd2 Bxd2+ 8.
Qxd2 Ne7 9. Qe2 c5 10. Nbd2 Nbc6 11. Ne4 Nc8 12. dxc5 bxc5 13. O-O Qe7 14. Qe3
Nb4 15. Nxc5 Nxd3 16. Nxb7 Nxb2 17. Qb3 Nxc4 18. Qxc4 O-O 19. Rfd1 Nb6 20. Qc5
d6 21. Nxd6 Rfc8 22. Nxc8 Qxc5 23. Rd8+ Qf8 24. Rxf8+ Kxf8 25. Nd6 Nd5 26. Rc1
Ke7 27. Rc8 1-0

[Event "Mechanics' Winter TNM; G/2 d5"]
[Site "San Francisco"]
[Date "2018.02.27"]
[Round "8.40"]
[White "Admassu, Yonathan"]
[Black "Chan, John"]
[Result "1-0"]
[WhiteElo "1403"]
[BlackElo "1655"]
[PlyCount "115"]
[EventDate "2018.??.??"]
[Source "ChessBase"]
[SourceDate "2007.09.04"]

1. d4 Nf6 2. Nf3 h6 3. c4 d6 4. Nc3 c6 5. e4 Bg4 6. h3 Bh5 7. Be2 Nbd7 8. O-O
g5 9. Re1 Bg7 10. e5 dxe5 11. dxe5 Nh7 12. e6 Nc5 13. exf7+ Bxf7 14. Qc2 O-O
15. Be3 Na6 16. Rad1 Qc7 17. Nd4 e6 18. Bg4 Rfe8 19. a3 Nf6 20. Bf3 Rac8 21.
Nde2 b5 22. Ne4 Nxe4 23. Bxe4 bxc4 24. Qxc4 Nb8 25. Nc3 Nd7 26. Qa6 Nf6 27. Bf3
Re7 28. Bc5 Qb7 29. Qxb7 Rxb7 30. b4 Nd5 31. Ne4 Ra8 32. Nd6 Rd7 33. Nxf7 Rxf7
34. Rxe6 Nf4 35. Bxc6 Nxe6 36. Bxa8 Nc7 37. Rd8+ Bf8 38. Rxf8+ Rxf8 39. Bxf8
Kxf8 40. Bc6 Ke7 41. Kh2 Kd6 42. b5 Kc5 43. Kg3 h5 44. f4 gxf4+ 45. Kxf4 Ne6+
46. Kf5 Kd6 47. h4 Ke7 48. Kg6 Nd4 49. Kxh5 Kf6 50. g4 Ne6 51. a4 Nf4+ 52. Kh6
Kf7 53. a5 Ke7 54. b6 axb6 55. axb6 Kd6 56. b7 Kc7 57. g5 Ne6 58. g6 1-0

[Event "Mechanics' Spring TNM; G/2 d5"]
[Site "San Francisco"]
[Date "2018.03.20"]
[Round "1.24"]
[White "Admassu, Yonathan"]
[Black "Karp, Richard M"]
[Result "1/2-1/2"]
[WhiteElo "1378"]
[BlackElo "1834"]
[Annotator "Donaldson"]
[PlyCount "78"]
[EventDate "2018.??.??"]
[Source "ChessBase"]
[SourceDate "2007.09.04"]

1. d4 Nf6 2. Nf3 e6 3. c4 b6 4. Nc3 Bb7 5. e3 Bb4 6. Bd3 O-O 7. O-O d5 8. cxd5
exd5 9. Ne5 Nbd7 10. Qc2 Re8 11. f4 Bxc3 12. bxc3 Ne4 13. c4 f5 14. cxd5 Bxd5
15. Bxe4 fxe4 16. g4 Nxe5 17. dxe5 c6 18. Bb2 Qh4 19. Qg2 Rad8 20. f5 Qg5 21.
Qg3 h5 22. gxh5 Qxg3+ 23. hxg3 Bc4 24. Rf2 Rd3 25. g4 Rxe3 26. g5 Be2 27. Re1
Rg3+ 28. Kh2 Rxg5 29. Rexe2 Rxh5+ 30. Kg3 Rf8 31. Kg4 Rh1 32. f6 gxf6 33. exf6
Kf7 34. Rxe4 Rg8+ 35. Kf3 Re8 36. Rxe8 Kxe8 37. Re2+ Kd7 38. f7 $2 ({
White was very low on time.} 38. Re7+ Kd6 39. Be5+ Kc5 40. f7 {was winning.})
38... Rf1+ 39. Ke3 Rxf7 {and later drawn. Remaining moves unavailable.} 1/2-1/2

[Event "Mechanics' Spring TNM; G/2 d5"]
[Site "San Francisco"]
[Date "2018.04.24"]
[Round "6.29"]
[White "Admassu, Yonathan"]
[Black "Lilles, Alex Pierre"]
[Result "1-0"]
[WhiteElo "1378"]
[BlackElo "1641"]
[Annotator "Donaldson"]
[PlyCount "57"]
[EventDate "2018.??.??"]
[Source "ChessBase"]
[SourceDate "2007.09.04"]

1. Nf3 d5 2. d4 c5 3. c4 e6 4. e3 Nf6 5. Nc3 Nc6 6. Bd3 Bd6 7. O-O O-O 8. Re1
a6 9. b3 Qc7 10. Ba3 cxd4 11. Bxd6 Qxd6 12. exd4 dxc4 13. bxc4 Rd8 14. Qb3 Qc7
15. Rad1 (15. d5) 15... Kh8 16. Bf1 (16. d5) 16... Ne7 17. Ne5 (17. d5) 17...
Nc6 18. Nf3 Bd7 19. Qa3 (19. d5) 19... Be8 20. d5 $1 Na7 21. dxe6 (21. Qf8+ Ng8
22. Ng5 h6 23. Rd3 $1) 21... Rxd1 22. Rxd1 fxe6 23. Qf8+ Ng8 24. Ng5 $1 Qe7 25.
Qxe7 Nxe7 26. Nxe6 Bf7 27. Nd8 Kg8 28. Nxb7 Rc8 29. Nd6 1-0

[Event "Mechanics' Spring TNM; G/2 d5"]
[Site "San Francisco"]
[Date "2018.04.10"]
[Round "4.31"]
[White "Admassu, Yonathan"]
[Black "Newey, Richard Her"]
[Result "1-0"]
[WhiteElo "1378"]
[BlackElo "1729"]
[PlyCount "97"]
[EventDate "2018.??.??"]
[Source "ChessBase"]
[SourceDate "2007.09.04"]

1. d4 d5 2. c4 e6 3. Nf3 Nf6 4. Nc3 Be7 5. e3 O-O 6. Bd3 dxc4 7. Bxc4 c5 8. O-O
cxd4 9. exd4 Bd7 10. Ne5 Be8 11. d5 Qc7 12. Qe2 exd5 13. Nxd5 Nxd5 14. Bxd5 Bd6
15. Bf4 Nc6 16. Rfe1 Nxe5 17. Bxe5 Bxe5 18. Qxe5 Qxe5 19. Rxe5 Bc6 20. Bxc6
bxc6 21. Rc1 Rfe8 22. Rce1 Kf8 23. Kf1 Rad8 24. Ra5 Rd7 25. Ra6 Rxe1+ 26. Kxe1
Rc7 27. b4 Ke7 28. Kd2 Kd6 29. b5 Kc5 30. bxc6 Kb5 31. Ra3 Kxc6 32. Rg3 g6 33.
Rc3+ Kd6 34. Rxc7 Kxc7 35. Kc3 Kc6 36. Kc4 f5 37. f4 a6 38. a4 Kb6 39. Kb4 {
Diagram [#]} a5+ $4 (39... Kc6 $11) 40. Kc4 Kc6 41. h3 h6 42. h4 h5 43. g3 Kd6
44. Kb5 Kd5 45. Kxa5 Kc5 46. Ka6 Kc6 47. a5 Kc7 48. Kb5 Kb7 49. Kc5 1-0

[Event "Mechanics' Bedjanian TNM; G/2 d/5"]
[Site "San Francisco"]
[Date "2018.11.27"]
[Round "6.40"]
[White "Agdamag, Samuel"]
[Black "Cendejas, Jon Rodo"]
[Result "1-0"]
[WhiteElo "1584"]
[BlackElo "979"]
[PlyCount "47"]
[EventDate "2018.??.??"]
[Source "ChessBase"]
[SourceDate "2007.09.04"]

1. Nf3 Nc6 2. c4 e5 3. d3 Nf6 4. a3 d5 5. cxd5 Nxd5 6. g3 Bd6 7. Bg2 Nf6 8. Bg5
O-O 9. Nc3 Be7 10. Bd2 {
I'm sorry, I can't keep track of the tempo losses and transpositions...} Re8
11. O-O h6 12. Rb1 Be6 13. b4 a6 14. Qc1 Ng4 $2 15. h3 e4 16. Nxe4 f5 17. Nc5
Bd5 18. hxg4 fxg4 19. Ne1 Bxg2 20. Nxg2 Kh7 21. Nxb7 Qd5 22. Nf4 Qb5 23. Nc5
Bg5 24. Nfe6 1-0

[Event "Mechanics' Spring TNM; G/2 d5"]
[Site "San Francisco"]
[Date "2018.05.08"]
[Round "8.16"]
[White "Agdamag, Samuel"]
[Black "Chan, John"]
[Result "0-1"]
[WhiteElo "1452"]
[BlackElo "1663"]
[Annotator "Donaldson"]
[PlyCount "70"]
[EventDate "2018.??.??"]
[Source "ChessBase"]
[SourceDate "2007.09.04"]

1. e4 c6 2. d4 e6 3. Nc3 Bb4 4. a3 Ba5 5. b4 Bc7 6. Qg4 Qf6 7. Nf3 h6 8. Bd3 d6
9. O-O Nd7 10. Be3 e5 11. Qg3 Ne7 12. h3 Nf8 13. dxe5 dxe5 14. Rfd1 Ne6 15. Ne2
Ng6 16. Bc1 O-O 17. Bb2 Ng5 18. Nh2 h5 $1 19. c4 Be6 20. Bc1 $2 (20. Rd2 h4 21.
Qe3) 20... Nf4 $1 21. Nc3 Rad8 22. Bc2 Bxc4 23. Be3 b6 24. Ba4 {Diagram [#]}
Bb5 $2 (24... Nxe4 $1) 25. Bxb5 cxb5 26. Nd5 $4 (26. Kf1) 26... Ne2+ 27. Kh1
Nxg3+ 28. fxg3 Rxd5 29. exd5 Ne4 30. Nf3 Nxg3+ 31. Kg1 e4 32. Nd4 Be5 33. Nc6
Bxa1 34. Rxa1 Qxa1+ 35. Kh2 Nf1+ 0-1

[Event "Mechanics' Bedjanian TNM; G/2 d/5"]
[Site "San Francisco"]
[Date "2018.11.13"]
[Round "4.31"]
[White "Agdamag, Samuel"]
[Black "Cole, Tony"]
[Result "0-1"]
[WhiteElo "1584"]
[BlackElo "1400"]
[PlyCount "34"]
[EventDate "2018.??.??"]
[Source "ChessBase"]
[SourceDate "2007.09.04"]

1. d4 e6 2. e4 Nc6 3. Nf3 Nf6 4. Nbd2 d5 5. e5 Nd7 6. Bb5 Ne7 7. Nb3 c6 8. Bd3
g6 9. Ng5 Bg7 10. Qf3 O-O 11. g4 Nb6 12. h4 f5 13. Qh3 fxg4 14. Qxg4 Nf5 15. h5
Nh6 16. Nxh7 Nxg4 17. Nxf8 Qxf8 {and Black went on to win.} 0-1

[Event "Mechanics' Bedjanian TNM; G/2 d/5"]
[Site "San Francisco"]
[Date "2018.10.30"]
[Round "2.36"]
[White "Agdamag, Samuel"]
[Black "Olson, David R"]
[Result "1-0"]
[WhiteElo "1584"]
[BlackElo "1400"]
[PlyCount "41"]
[EventDate "2018.??.??"]
[Source "ChessBase"]
[SourceDate "2007.09.04"]

1. d4 Nf6 2. Bg5 Nc6 3. Nf3 d6 4. Nc3 e6 5. e4 a6 6. Bd3 Be7 7. Qe2 b5 8. a3
Bb7 9. O-O O-O 10. Rad1 Re8 11. e5 Nh5 12. h4 h6 13. Be3 f5 14. exf6 Nxf6 15.
Bc1 Bf8 16. Ne4 Nh7 17. Ng3 Be7 18. Nh5 Bxh4 19. Qe4 Ng5 20. Nxg5 Bxg5 21. Qh7+
1-0